[Event "Arad op 12th"]
[Site "Arad"]
[Date "2019.07.24"]
[Round "1"]
[White "Svetushkin, Dmitry"]
[Black "Georgescu, Cristian"]
[Result "1-0"]
[WhiteElo "2528"]
[BlackElo "1891"]
[PlyCount "64"]
[EventDate "2019.07.24"]
[EventType "swiss"]
[EventRounds "9"]
[EventCountry "ROU"]
[SourceTitle "CBM 191 Extra"]
[Source "ChessBase"]
[SourceDate "2019.09.30"]
[SourceVersion "1"]
[SourceVersionDate "2019.09.30"]
[SourceQuality "1"]

1. d4 d5 2. c4 c6 3. Nc3 e5 4. dxe5 d4 5. Ne4 Qa5+ 6. Bd2 Qxe5 7. Ng3 c5 8. Nf3 Qc7 9. e3 Nc6 10. Bd3 Be7 11. exd4 cxd4 12. 0-0 Nf6 13. b4 Bg4 14. h3 Bxf3 15. Qxf3 Ne5 16. Qe2 0-0-0 17. Nf5 Nxd3 18. Nxe7+ Kb8 19. Nf5 Nf4 20. Qf3 g5 21. c5 h5 22. h4 Ng4 23. Nd6 f6 24. Bxf4 gxf4 25. Qxf4 d3 26. Rad1 Rhg8 27. Rxd3 Ne5 28. Re3 Qc6 29. g3 Ng4 30. Nb5+ Ka8 31. Nc7+ Kb8 32. Nd5+ Ne5 1-0

[Event "Bucharest Spring Cup"]
[Site "Bucharest"]
[Date "2007.02.16"]
[Round "5"]
[White "Carmaciu, Lucian Catalin"]
[Black "Georgescu, Cristian"]
[Result "0-1"]
[WhiteElo "2418"]
[BlackElo "2116"]
[PlyCount "41"]
[EventDate "2007.02.16"]
[EventType "swiss"]
[EventRounds "9"]
[EventCountry "ROU"]
[SourceTitle "EXT 2010"]
[Source "ChessBase"]
[SourceDate "2010.11.25"]
[SourceVersion "1"]
[SourceVersionDate "2010.11.25"]
[SourceQuality "1"]

1. e4 c6 2. d4 d5 3. exd5 cxd5 4. c4 Nc6 5. Nf3 Nf6 6. Nc3 Bg4 7. cxd5 Nxd5 8. h3 Bxf3 9. Qxf3 Ndb4 10. Bc4 Nc2+ 11. Kf1 e6 12. d5 exd5 13. Bxd5 Ne5 14. Qe4 Nxa1 15. Qxe5+ Qe7 16. Qf5 Rd8 17. Bg5 f6 18. Be3 Qd7 19. Qe4+ Be7 20. Ke2 f5 21. Qe5 0-1

[Event "Bucharest Revolution Memorial"]
[Site "Bucharest"]
[Date "2004.12.16"]
[Round "2"]
[White "Georgescu, Cristian"]
[Black "Doncea, Vladimir"]
[Result "0-1"]
[WhiteElo "2160"]
[BlackElo "2352"]
[PlyCount "64"]
[EventDate "2004.12.15"]
[EventType "swiss"]
[EventRounds "9"]
[EventCountry "ROU"]
[SourceTitle "CBM 104 Extra"]
[Source "ChessBase"]
[SourceDate "2005.03.01"]
[SourceVersion "1"]
[SourceVersionDate "2005.03.01"]
[SourceQuality "1"]

1. d4 Nf6 2. c4 g6 3. Nc3 Bg7 4. Nf3 0-0 5. e4 d6 6. Be2 e5 7. Be3 Ng4 8. Bg5 f6 9. Bc1 Nc6 10. h3 Nh6 11. Be3 f5 12. dxe5 dxe5 13. Qd5+ Nf7 14. 0-0-0 Qf6 15. Qb5 Nd6 16. Qb3 Nxe4 17. Nd5 Qf7 18. Qc2 Be6 19. Rhg1 h6 20. g4 Nd6 21. Bc5 Rad8 22. Nh4 g5 23. gxf5 Nxf5 24. Nxf5 Bxf5 25. Qb3 Nd4 26. Bxd4 exd4 27. h4 c6 28. hxg5 hxg5 29. Bh5 Qd7 30. Rxg5 Kh8 31. Rh1 Bh6 32. Bg4 Qh7 0-1

[Event "Bucharest Revolution Memorial"]
[Site "Bucharest"]
[Date "2002.12.??"]
[Round "?"]
[White "Georgescu, Cristian"]
[Black "Raceanu, Valentin"]
[Result "0-1"]
[WhiteElo "2099"]
[BlackElo "2339"]
[PlyCount "48"]
[EventDate "2002.12.??"]
[EventType "swiss"]
[EventRounds "7"]
[EventCountry "ROU"]
[SourceTitle "EXT 2008"]
[Source "ChessBase"]
[SourceDate "2007.11.25"]
[SourceVersion "1"]
[SourceVersionDate "2007.11.25"]
[SourceQuality "1"]

1. e4 c5 2. Nf3 Nc6 3. d4 cxd4 4. Nxd4 Nf6 5. Nc3 d6 6. Bg5 e6 7. Qd2 a6 8. 0-0-0 Bd7 9. f4 b5 10. Bxf6 gxf6 11. g3 Qb6 12. Nce2 Na5 13. Bg2 Rc8 14. Kb1 Nc4 15. Qd3 b4 16. Rhg1 a5 17. Nb3 a4 18. Qd4 axb3 19. Qxf6 bxc2+ 20. Kxc2 Na3+ 21. Kd2 Nc2 22. Kc1 Nd4+ 23. Kd2 Rc2+ 24. Kd3 Bb5+ 0-1

[Event "Martisor Cup op"]
[Site "Bucharest"]
[Date "2002.03.02"]
[Round "2"]
[White "Grunberg, Florin"]
[Black "Georgescu, Cristian"]
[Result "1-0"]
[WhiteElo "2381"]
[BlackElo "2088"]
[PlyCount "59"]
[EventDate "2002.03.01"]
[EventType "swiss"]
[EventRounds "9"]
[EventCountry "ROU"]
[SourceTitle "CBM 087 Extra"]
[Source "ChessBase"]
[SourceDate "2002.05.03"]
[SourceVersion "2"]
[SourceVersionDate "2002.08.09"]
[SourceQuality "1"]

1. Nf3 Nf6 2. c4 e6 3. g3 d5 4. Bg2 dxc4 5. 0-0 Be7 6. Qc2 0-0 7. Qxc4 c5 8. d4 Qd5 9. Nbd2 Nc6 10. e3 Rd8 11. dxc5 Qxc5 12. b3 Bd7 13. Bb2 Rac8 14. Qxc5 Bxc5 15. a3 Be8 16. Rac1 Be7 17. Nc4 Rd3 18. b4 Rcd8 19. b5 Nb8 20. Nd4 e5 21. Nxe5 Rd2 22. Nc4 Rxb2 23. Nxb2 Bxa3 24. Rc2 a6 25. b6 Nc6 26. Nxc6 Bxc6 27. Bxc6 bxc6 28. Ra1 Bf8 29. Rxc6 Nd5 30. Rd1 1-0

[Event "Deva tt"]
[Site "Deva"]
[Date "1998.??.??"]
[Round "8"]
[White "Georgescu, Cristian"]
[Black "Nanu, Ciprian Costica"]
[Result "0-1"]
[WhiteElo "1790"]
[BlackElo "2405"]
[PlyCount "72"]
[EventDate "1998.07.??"]
[EventType "team-tourn"]
[EventRounds "9"]
[EventCountry "ROU"]
[SourceTitle "EXT 2004"]
[Source "ChessBase"]
[SourceDate "2003.11.25"]
[SourceVersion "1"]
[SourceVersionDate "2003.11.25"]
[SourceQuality "1"]

1. e4 c5 2. Nf3 Nc6 3. d4 cxd4 4. Nxd4 g6 5. c4 Nf6 6. Nc3 Nxd4 7. Qxd4 d6 8. Bg5 Bg7 9. Qd2 0-0 10. Be2 Be6 11. Rc1 Rc8 12. b3 b5 13. Bxf6 Bxf6 14. Nxb5 Qb6 15. 0-0 Rc5 16. Kh1 Bd7 17. Nc3 e6 18. Rfd1 Be7 19. f4 g5 20. e5 Bc6 21. exd6 Bf6 22. b4 Rf5 23. a3 Rxf4 24. c5 Qb7 25. Bf1 a6 26. Ne2 Rh4 27. Ng3 Kh8 28. Rc4 Rg8 29. Kg1 Be5 30. Qe3 f6 31. Re1 Bd5 32. Rxh4 gxh4 33. Ne4 h3 34. g3 Rg4 35. Nf2 Bd4 36. Qe2 Rf4 0-1